| 000 | 00322nam a22001217a 4500 | ||
|---|---|---|---|
| 082 |
_a297 _bMUJ _cM |
||
| 100 |
_aMujeeb, Brig Abdul ul _951135 |
||
| 245 | _aسبیل الرشاد | ||
| 260 |
_aRawalpindi, _bArmy education Press, _c1985. |
||
| 300 | _a276p. | ||
| 526 |
_a0 _b0 _c0 _d297_000000000000000_MUJ |
||
| 942 |
_2ddc _cBK |
||
| 999 |
_c553892 _d553892 |
||